000 00742nam a2200241 a 4500
001 000022844
005 20200930021830.0
008 101119s2003 it r 000 f spa d
020 _a88884005155
040 _aDO-SdBNP
_bspa
_cBNPHU
082 _a853.8
_bD346c
100 1 _aDeledda, Grazia
_946950
245 1 0 _aCósima /
_cGrazia Deledda; traducción de María Navarro Salazar.
260 _aCesana :
_bNieves Arribas,
_c2003.
300 _a144 p. ;
_c17 cm.
490 1 _aUn Mar de Sueños;
_v13
500 _aIncluye notas al pie de página
650 4 _aNovela italiana
_94322
650 4 _aLiteratura italiana
_93329
700 1 _aNavarro Salazar, María
_etr.
_946951
830 0 _aUn Mar de Sueños;
_v13
_940693
049 _aBNGR
999 _c22341
_d22341